Culture générale #13 - Statistiques

Statistiques générales
  • Ce quiz a été pris 952 fois
    948 depuis la dernière actualisation
  • Le résultat moyen est 9 sur 19
Statistiques - réponses
Questions Réponses % Correct
À quel élément chimique correspond le symbole H ? Hydrogène
89%
Quel est le musée d'art le plus visité au monde ? Le Louvre
89%
De quel pays est originaire le guacamole ? Mexique
87%
Quelle pièce des échecs ne peut se déplacer que vers l'avant ? Le pion
85%
Quel casse-tête inventé par un sculpteur hongrois est le jouet le plus vendu au monde ? Rubik's Cube
70%
Quelle est la troisième lettre de l'alphabet grec ? Gamma
61%
Dans le corps humain, quel petit os plat et triangulaire situé à la partie antérieure du genou est articulé avec le fémur ? La rotule
58%
Quel est le cri de l'éléphant ? Le barrissement
57%
Complétez les paroles de la chanson Ne me quitte pas de Jacques Brel : « Moi je t'offrirai Des perles de pluie Venues de pays ... Où il ne pleut pas »
53%
Quel roman d'Alexandre Dumas et d’Auguste Maquet raconte la vengeance d'un marin ayant trouvé un trésor après s'être échappé d'une geôle du château d'If ? Le Comte de Monte-Cristo
49%
Quelle est la ville la plus peuplé d'Afrique ? Lagos
39%
À quel philosophe est attribué la maxime « Je ne sais qu'une chose, c'est que je ne sais rien » ? Socrate
37%
Quelle bataille militaire, qui s'est déroulée dans le sud-est de l'Angleterre le 14 octobre 1066, a permis à Guillaume le Conquérant de vaincre le roi Harold Godwinson et de prendre sa couronne ? La bataille d'Hastings
34%
Quels sont, dans l'ordre, les cinq premiers nombres premiers ? 2, 3, 5, 7 et 11
27%
Quelle eau-de-vie de vin est produite exclusivement dans les départements du Gers, des Landes et de Lot-et-Garonne ? L'armagnac
24%
Quel homme politique français est considéré avec Jean Monnet comme un des pères fondateurs de la construction européenne ? Robert Schuman
22%
Quel concile œcuménique de l'Église catholique convoqué en 1542 pour répondre aux théories protestantes fut la base de la Contre-Réforme ? Concile de Trente
21%
Quel réalisateur hongkongais est connu pour ses films Chungking Express, Happy Together, In the Mood for Love et 2046 ? Wong Kar-wai
12%
Quel animal est le symbole de l'Allemagne ? L'aigle noir
7%
Aucun quiz correspondant
Distribution des résultats
% des personnes avec chaque résultat
Percentile par nombre de réponses
Votre historique - résultats
Vous n’avez pas pris ce quiz depuis la dernière actualisation